=LDR 00000nam 2200000 4500 =001 INLIS000000000022872 =005 20130612121603 =008 ***********************************Ind** =035 ##$$0010-061300000022872 =041 ##$$a Ind =082 ##$$a 2X6.2 =090 ##$$a X6.2, Wai p =100 ##$$a Al-Wa'iy Taufiq Yusuf =245 ##$$a Pemikiran pilitik kontemporer, Taufik Yusuf Al-Wa'iy =260 ##$$a 2003 $b Pajang =300 ##$$a 316 hlm, 23 cm =650 ##$$a Politik =850 ##$$a NBPNMAT